Stanovenie niektorých integrálnych charakteristík priezračných fólií : Diplomová práca /

Enregistré dans:
Détails bibliographiques
Auteur principal: Flasár, Miroslav (Auteur)
Autres auteurs: Syrová, Lívia, 1946- (Directeur de thèse)
Format: Manuscrit Livre
Publié: Bratislava : STU v Bratislave FEI, 1997
Sujets:
Tags: Ajouter un tag
Pas de tags, Soyez le premier à ajouter un tag!

MARC

LEADER 00000ntm a22000003a 4500
001 stu9899
005 20160719164949.9
008 970626s1997----------------------------d
040 |a STU  |b slo 
041 0
100 1 |a Flasár, Miroslav  |4 aut 
245 1 |a Stanovenie niektorých integrálnych charakteristík priezračných fólií :  |b Diplomová práca /  |c [aut.] Flasár,Miroslav; Škol. Syrová,Lývia 
260 |a Bratislava :  |b STU v Bratislave FEI,  |c 1997 
300 |a 58 s 
650 7 |a elektronika  |2 stusub 
700 1 |a Syrová, Lívia,  |d 1946-  |4 ths  |u E040  |U FEI Fakulta elektrotechniky a informatiky  |T FEI Ústav elektrotechniky  |X 4251  |U E040  |Y 550  |7 A000004251